000 00544nam a2200217 a 4500
999 _c5820
_d5820
001 5820
003 BD-JhCC
005 20171227133309.0
008 171227s1997 uk ||||| |||| 00| 0 eng d
020 _a0521484731
035 _a(BD-JhCC)5820
040 _aBD-JhCC
_dBD-JhCC
041 _aeng
082 _a570
_bJON 1997
245 _aAdvanced Biology /
_c Mary Jones and Geoff Jones
260 _aUSA :
_bCambridge University Press,
_c1997.
300 _a554 p. :
_bill;
_c23 cm.
650 _aBiology
942 _2ddc
_cBK